La caída de los gigantes / (Registro nro. 7411)
[ vista simple ]
| 000 -LEADER | |
|---|---|
| fixed length control field | 01397nam a22002897a 4500 |
| 003 - CONTROL NUMBER IDENTIFIER | |
| control field | OSt |
| 005 - DATE AND TIME OF LATEST TRANSACTION | |
| control field | 20250414125013.0 |
| 008 - FIXED-LENGTH DATA ELEMENTS--GENERAL INFORMATION | |
| fixed length control field | 210302b2013 ck ||||gr|||| 00| fdspa d |
| 020 ## - INTERNATIONAL STANDARD BOOK NUMBER | |
| International Standard Book Number | 9789588617275 |
| 040 ## - CATALOGING SOURCE | |
| Original cataloging agency | CO-JMCR |
| Transcribing agency | CO-JMCR |
| 041 1# - LANGUAGE CODE | |
| Language code of text/sound track or separate title | spa |
| Language code of original | eng |
| 082 04 - DEWEY DECIMAL CLASSIFICATION NUMBER | |
| Classification number | A-N |
| Item number | FOLc1 |
| Edition number | 23 |
| 100 1# - MAIN ENTRY--PERSONAL NAME | |
| Personal name | Follett, Ken, |
| Relator term | autor |
| 9 (RLIN) | 6987 |
| 245 13 - TITLE STATEMENT | |
| Title | La caída de los gigantes / |
| Statement of responsibility, etc. | Ken Follett ; traducción de Anuvela |
| 260 ## - PUBLICATION, DISTRIBUTION, ETC. | |
| Place of publication, distribution, etc. | Bogotá : |
| Name of publisher, distributor, etc. | Plaza Janés, |
| Date of publication, distribution, etc. | 2013 |
| 300 ## - PHYSICAL DESCRIPTION | |
| Extent | 1016 páginas ; |
| Dimensions | 23 cm. |
| 500 ## - GENERAL NOTE | |
| General note | Título original: Fall of Giants<br/>Incluye datos biográficos del autor. |
| 520 3# - SUMMARY, ETC. | |
| Summary, etc. | "Esta es la historia de mis abuelos y de ustedes, de nuestros padres y de nuestras propias vidas. De alguna forma es la historia de todos nosotros"<br/>Tras el éxito de Los pilares de la Tierra y Un mundo sin fin, Ken Follett presenta esta gran novela épica que narra la historia de cinco familias durante los años turbulentos de la Primera Guerra Mundial, la Revolución Rusa y la lucha de hombres y mujeres por sus derechos. |
| 546 ## - LANGUAGE NOTE | |
| Language note | Traducido del inglés |
| 650 14 - SUBJECT ADDED ENTRY--TOPICAL TERM | |
| Topical term or geographic name entry element | Novela inglesa |
| Chronological subdivision | Siglo xx |
| 9 (RLIN) | 7155 |
| 650 24 - SUBJECT ADDED ENTRY--TOPICAL TERM | |
| Topical term or geographic name entry element | Literatura inglesa |
| Chronological subdivision | Siglo xx |
| 9 (RLIN) | 14247 |
| 650 24 - SUBJECT ADDED ENTRY--TOPICAL TERM | |
| Topical term or geographic name entry element | Primera guerra mundial en la literatura |
| 9 (RLIN) | 14248 |
| 650 24 - SUBJECT ADDED ENTRY--TOPICAL TERM | |
| Topical term or geographic name entry element | Historia en la literatura |
| 9 (RLIN) | 14249 |
| 650 24 - SUBJECT ADDED ENTRY--TOPICAL TERM | |
| Topical term or geographic name entry element | Familia en la literatura |
| 9 (RLIN) | 591 |
| 700 1# - ADDED ENTRY--PERSONAL NAME | |
| Personal name | Anuvela, |
| Relator term | traductora |
| 9 (RLIN) | 14250 |
| 942 ## - ADDED ENTRY ELEMENTS (KOHA) | |
| Source of classification or shelving scheme | Dewey Decimal Classification |
| Koha item type | Books |
| Withdrawn status | Lost status | Source of classification or shelving scheme | Damaged status | Not for loan | Collection code | Home library | Current library | Date acquired | Source of acquisition | Total Checkouts | Full call number | Barcode | Date last seen | Copy number | Price effective from | Koha item type |
|---|---|---|---|---|---|---|---|---|---|---|---|---|---|---|---|---|
| Dewey Decimal Classification | Fiction | Biblioteca Pública José María del Castillo y Rada | Biblioteca Pública José María del Castillo y Rada | 02/25/2021 | Donación | A-N FOLc1 | 201810603 | 03/02/2021 | Ej.1 | 03/02/2021 | Books |